ბათუმის შოთა რუსთაველის სახელმწიფო უნივერსიტეტის ბიბლიოთეკა

ქართლის მიმოქცევა. (ბიბ.ჩანაწერი № 36620)

000 -LEADER
fixed length control field 00813nam a2200229Ia 4500
001 - CONTROL NUMBER
control field 2540
003 - CONTROL NUMBER IDENTIFIER
control field GE_BSU
008 - FIXED-LENGTH DATA ELEMENTS--GENERAL INFORMATION
fixed length control field 181216s||||||||xx |||||||||||||| ||und||
020 ## - INTERNATIONAL STANDARD BOOK NUMBER
International Standard Book Number 9789941126000
040 ## - CATALOGING SOURCE
Transcribing agency GE_BSU
080 ## - UNIVERSAL DECIMAL CLASSIFICATION NUMBER
Universal Decimal Classification number 27–36+94(479.22)+27–184(479.22)
245 ## - TITLE STATEMENT
Title ქართლის მიმოქცევა.
245 ## - TITLE STATEMENT
Remainder of title ახალ ქართულ ენაზე გადმოღებული ტექსტი და ძველი ვერსიების
245 ## - TITLE STATEMENT
Statement of responsibility, etc. [რედ. ელგუჯა გიუნაშვილისა
260 ## - PUBLICATION, DISTRIBUTION, ETC.
Place of publication, distribution, etc. თბილისი
260 ## - PUBLICATION, DISTRIBUTION, ETC.
Name of publisher, distributor, etc. უნივერსალი
260 ## - PUBLICATION, DISTRIBUTION, ETC.
Date of publication, distribution, etc. 8 ლ.
300 ## - PHYSICAL DESCRIPTION
Extent 219 გვ.
653 ## - INDEX TERM--UNCONTROLLED
Uncontrolled term ქართლის მიმოქცევა.
942 ## - ADDED ENTRY ELEMENTS (KOHA)
Koha item type წიგნი
ეგზემპლარები
Withdrawn status Lost status Damaged status Not for loan Date acquired Barcode Date last seen Price effective from Koha item type
        2018-12-17 1205 2018-12-17 2018-12-17 წიგნი